Statistics for Страны, граничащие с Китаем

Click here to take the quiz!

General Stats

  • This quiz has been taken 4 113 times
  • The average score is 10 of 14

Answer Stats

Протяженность границыСтрана% Correct
4179 кмРоссия
98%
4630 кмМонголия
94%
1765 кмКазахстан
90%
2659 кмИндия
89%
1063 кмКиргизия
73%
1389 кмНепал
73%
1297 кмВьетнам
72%
438 кмПакистан
68%
477 кмТаджикистан
68%
1352 кмКНДР
67%
477 кмБутан
65%
475 кмЛаос
63%
91 кмАфганистан
60%
2129 кмМьянма
59%

Score Distribution

Percentile by Number Answered

Percent of People with Each Score

Your Score History

You have not taken this quiz